| 000 | 00659nam a22001695i 4500 | ||
|---|---|---|---|
| 001 | 163945 | ||
| 003 | ES-MaACL | ||
| 005 | 20250911063600.0 | ||
| 008 | 950206s1880 sp |||| | spa d | ||
| 040 | _aCARM | ||
| 100 | 1 |
_aRomero Robledo, Francisco, _d1838-1906 _999432 |
|
| 245 | 1 | 0 | _aDiscurso pronunciado en el banquete de Sevilla por el Excmo. Sr. Ministro de la Gobernación D. Francisco Romero y Robledo en... noviembre de 1880. |
| 260 |
_aMadrid : _b[s.n.], _c[1880?] ( _fImprenta de El Diario EspaƱol) |
||
| 300 |
_a27 p. ; _c20 cm. |
||
| 852 |
_aES-MaACL _jT-418-F-5 _z-- Enc. hol. _z-- Enc. en un vol. facticio |
||
| 999 |
_c163945 _d163945 |
||